00734nam a22001937i 45000010005000000030009000050050017000140080041000310400039000720410008001110800007001191000116001262450076002422600030003184900083003488300082004319420012005139990015005259237KOSZ 00520180416140940.0160308s2011 ||||| ||||0|| 0 pol  cKOSZ 005/EGaKOSZ 005dKOSZ 005/HR0 apol a37 aSKRZYPNIAK, Ryszard.d1996 - .bPolitechnika Koszalińska - Wydział Mechaniczny,cKatedra Nauk Pedagogicznych10aProblemy nauk społecznych /cred. Adam Mościcki, Ryszard Skrzypniak. aKoszalin :bKWSNH,c2011. aZeszyty Naukowe Koszalińskiej Wyższej Szkoły Nauk Humanistycznych ; z. 8  aZeszyty Naukowe - Koszalińska Wyższa Szkoła Nauk Humanistycznych ;vz. 8 cKS2UKD c9237d9237